000 00608nam a2200229Ia 4500
003 OSt
005 20220928114531.0
006 a|||||r|||| 00| 0
007 ta
008 220927b |||||||| |||| 00| 0 eng d
024 _a105186
037 _cTextual
040 _aSDCL
_cSDCL
_beng
041 _2eng
_aeng
082 _aNQ4497,F41, M5
100 _aSingh A.K.
_9399786
245 0 _aTrans- Himalayan wall paintings.
260 _aDelhi
_bAgam Kala Prakashan
_c1985
300 _ax,162+fig.
_ccm.
942 _hNQ4497,F41, M5
_cTEXL
_2CC
999 _c755185
_d755185